| 000 | 00723cam a2200229 a 4500 | ||
|---|---|---|---|
| 001 | 000007297 | ||
| 005 | 20200929154126.0 | ||
| 008 | 770524s1975 cu 000 0 spa | ||
| 040 |
_aDO-SdBNP _bspa _cBNPHU |
||
| 082 |
_a891.7344 _bC435b |
||
| 100 | 1 |
_aChakovskii, Aleksandr, _d1913- _920262 |
|
| 245 | 1 | 3 |
_aEl bloqueo / _cAleksandr Chakovski ; traducción Ángel Pozo Sandoval. |
| 260 |
_aLa Habana, Cuba : _bArte y Literatura, _c1975. |
||
| 300 |
_a219 p. ; _c19 cm. |
||
| 490 | 1 | _aCocuyo ; | |
| 490 | 1 | _aLiteratura universal ; | |
| 650 | 4 |
_aNovela rusa _94742 |
|
| 650 | 4 |
_aLiteratura rusa _94743 |
|
| 700 | 1 |
_aPozo Sandoval, Ángel, _etr. _920263 |
|
| 830 | 0 |
_aCocuyo ; _920264 |
|
| 830 | 0 |
_aLiteratura universal ; _91125 |
|
| 999 |
_c7078 _d7078 |
||